000 00323nam a2200109Ia 4500
008 171211s9999 xx 000 0 und d
245 _aBelowground Defence Strategies in Plants
245 _cChristine M.F. Vos and Kemal Kazan
260 _c2016
650 _xBiology
856 _uhttp://down.ebook777.com/063/3319423177.pdf
999 _c350359
_d350359